00726nam a2200241 a 450000100060000000300080000600500170001400800410003103500190007203500110009104000350010204100080013708200240014510000440016924500650021325000150027826000510029330000240034450000260036850000200039460000510041465000190046577222BD-RjUL20211209082939.0200304r19521904enk 001 0 eng d a(BD-RjUL)77447 a945676 aANLbengcANLdNNCU:AdBD-RjUL aeng04223a821.7bBYP 19521 aByron, George Gordon Byron,d1788-1824.14aThe poetical works of Lord Byron /cGeorge Gordon Noel Byron aOxford ed. aLondon :bHenry Frowde,c1904 [reprinted 1952] ax, 924 p. ;c19 cm. aPrinter: Horace Hart. aIncludes index. aByron, George Gordon Byron, Baron, d1788-1824 aEnglish poetry